| 000 | 00736nam a22002297a 4500 | ||
|---|---|---|---|
| 003 | UA-OsUOA | ||
| 001 | 47137 | ||
| 007 | ta | ||
| 008 | 20120601b un ||||| |||| 00| 0 ukr d | ||
| 090 |
_a09.-82-94 _bБ48 |
||
| 942 | _cBK | ||
| 040 |
_aUA-OsUOA _bukr _cUA-OsUOA _dUA-OsUOA |
||
| 245 | _aБерестейський мир з нагоди 10-тих роковин 9.ІІ.1918 - 9.ІІ.1928 р. Спомини і матеріяли. | ||
| 300 | _a319 с. | ||
| 955 | _a1 | ||
| 041 | _aukr | ||
| 080 | _a09.-82-94 | ||
| 260 |
_aЛьвів; К. _c1928 |
||
| 650 | 7 |
_a0 Загальний відділ. _2UDC |
|
| 999 |
_c427242 _d427242 |
||